'X' US Cities Quiz Stats

 Plays Quiz not verified by Sporcle

Support Sporcle.
Go Orange.
Score 0/10 Timer 04:00
0 Plays Today
Rank US City % Correct
5Phoenix, Arizona
96.1%
65Lexington, Kentucky
55.1%
123Knoxville, Tennessee
44.4%
121Oxnard, California
37.5%
154Sioux Falls, South Dakota
33.8%
164Alexandria, Virginia
29.4%
725Alexandria, Louisiana
29.4%
358Sioux City, Iowa
27.1%
771Biloxi, Mississippi
26.6%
751Lenexa, Kansas
11.6%

You're not logged in!

Compare scores with friends on all Sporcle quizzes.
OR
Log In

From the Vault

Complete the Thriller Movies (2010s)

by beforever

You could say this would be a quite... thrilling experience.
Remove Ads.
Support Sporcle.
Get the best of Sporcle when you Go Orange. This ad-free experience offers more features, more stats, and more fun while also helping to support Sporcle. Thank you for becoming a member.

Show Comments

Extras

Top Quizzes Today


Score Distribution

Your Account Isn't Verified!

In order to create a playlist on Sporcle, you need to verify the email address you used during registration. Go to your Sporcle Settings to finish the process.

Report this User

Report this user for behavior that violates our Community Guidelines.

Details: